تلا ش (ا فسا نو کا مجمعو عہ) (Record no. 165130)

MARC details
000 -LEADER
fixed length control field 00630nam a22001937a 4500
005 - DATE AND TIME OF LATEST TRANSACTION
control field 20190607173153.0
010 ## - LCCN (DPL NO)
LC control number UR-10184
020 ## - INTERNATIONAL STANDARD BOOK NUMBER
Terms of availability 120.00
International Standard Book Number 9789388105408
035 ## - SYSTEM CONTROL NUMBER
System control number U-8739
037 ## - SOURCE OF ACQUISITION
Source of stock number/acquisition DBAD/PUB
082 ## - DEWEY DECIMAL CLASSIFICATION NUMBER
Classification number ن
100 ## - MAIN ENTRY--PERSONAL NAME
Personal name عبد ا لمتين
245 ## - TITLE STATEMENT
Title تلا ش (ا فسا نو کا مجمعو عہ)
Statement of responsibility, etc عبد ا لمتين
246 ## - VARYING FORM OF TITLE
Remainder of title Talash(Urdu)
Title proper/short title by Abdul Mateen
260 ## - PUBLICATION, DISTRIBUTION, ETC. (IMPRINT)
Place of publication, distribution, etc Delhi
Name of publisher, distributor, etc Educational Publishing House
Date of publication, distribution, etc 2018 ء
270 ## - ADDRESS
Address 3191،Vakil Street,Kucha Pandit,Lal Kuan,
City Delhi
Postal code 110006
Telephone number 23216162
Fax number 00911123211540
300 ## - PHYSICAL DESCRIPTION
Extent 112 ص
Dimensions 22 Cm(Hb)
942 ## - ADDED ENTRY ELEMENTS (KOHA)
Source of classification or shelving scheme Dewey Decimal Classification
Item type Urdu Bks
Classification part ن
Call number suffix ع ب د
Holdings
Withdrawn status Lost status Not for loan Collection code Home library Current library Date acquired Source of acquisition Cost, normal purchase price Full call number Barcode Copy number Cost, replacement price Koha item type Public note
    Not For Loan Fiction D.B.Act.Division D.B.Act.Division 07/06/2019 DBAD/PUB 120.00 ن ع ب د U-8739 1 120.00 Urdu Bks Issued to staff

© Delhi Public Library
Hit Counter
free hit counter